[Event "Senior DM 2019-65+"]
[Site "Aarhus"]
[Date "2019.02.15"]
[Round "5"]
[White "Larsen, Arne Walther"]
[Black "Overmark, Ole"]
[Result "0-1"]
[WhiteElo "1752"]
[BlackElo "1740"]
[EventDate "2019.02.09"]
[EventType "swiss"]
[EventRounds "7"]
[EventCountry "DEN"]

1. Nf3 c5 2. g3 g6 3. c4 Bg7 4. Bg2 Nc6 5. Nc3 d6 6. O-O Bg4 7. a3 Qc8 8. Rb1
Bh3 9. b4 Bxg2 10. Kxg2 h5 11. h4 cxb4 12. axb4 Nh6 13. Nd5 e6 14. Ne3 O-O 15.
d4 Ng4 16. Qd3 Qd7 17. Nc2 Rac8 18. Bd2 d5 19. c5 e5 20. dxe5 Ncxe5 21. Nxe5
Nxe5 22. Qa3 Nc4 23. Qc1 Rfe8 24. Re1 Nxd2 25. Qxd2 d4 26. Qd3 Qc6+ 27. Kg1
Rcd8 28. Na3 a6 29. Nc4 Re6 30. Nd6 Be5 31. Nc4 Bc7 32. Nb2 Qd5 33. Qc4 Qf5 34.
Qd3 Qe5 35. Nc4 Qd5 36. Nb2 Rf6 37. e4 dxe3 38. Rxe3 Qc6 39. Qe2 Rf5 40. Re1
Qf6 41. Re8+ Rxe8 42. Qxe8+ Kg7 43. Qe2 Re5 0-1

[Event "Senior DM 2019-65+"]
[Site "Aarhus"]
[Date "2019.02.15"]
[Round "5"]
[White "Larsen, Finn"]
[Black "Strachan, Christian C"]
[Result "1-0"]
[WhiteElo "1824"]
[BlackElo "1912"]
[EventDate "2019.02.09"]
[EventType "swiss"]
[EventRounds "7"]
[EventCountry "DEN"]

1. c4 Nf6 2. Nc3 c6 3. Nf3 d5 4. e3 e6 5. d4 g6 6. Be2 Bg7 7. O-O O-O 8. Ne5
Nbd7 9. cxd5 exd5 10. Nd3 Qe7 11. b3 Re8 12. a4 a5 13. Ba3 Qd8 14. Rc1 Nf8 15.
Ne5 N6d7 16. Nxd7 Bxd7 17. Bd3 Ne6 18. Ne2 Ng5 19. Ng3 f5 20. Be2 Qf6 21. Qd2
Ne6 22. Rfe1 Bh6 23. Bb2 Qe7 24. f4 Nc7 25. Nf1 b6 26. Bf3 Red8 27. g3 Ne8 28.
Rc2 Nf6 29. Kg2 Re8 30. Qd3 Ne4 31. Rec1 Rec8 32. Nd2 g5 33. Bxe4 fxe4 34. Qe2
Qe6 35. Qh5 Be8 36. Qe2 gxf4 37. gxf4 Bd7 38. Kh1 Kh8 39. Rg1 Rg8 40. Rcc1 Qf5
41. Rxg8+ Rxg8 42. Rg1 Rxg1+ 43. Kxg1 Qh3 44. Ba3 Bg4 45. Qf2 Bg7 46. Bd6 Bf6
47. Be5 Kg7 48. Qg3 Bxe5 49. Qxh3 Bxh3 50. fxe5 Bg4 51. Kf2 Bd1 52. Kg3 b5 53.
axb5 cxb5 54. Kf4 a4 55. bxa4 bxa4 56. Nb1 Bc2 57. Na3 Kg6 58. Nxc2 1-0

[Event "Senior DM 2019-65+"]
[Site "Aarhus"]
[Date "2019.02.15"]
[Round "5"]
[White "Matras, Ove"]
[Black "Haugaard, Thomas"]
[Result "1-0"]
[WhiteElo "1826"]
[BlackElo "1691"]
[EventDate "2019.02.09"]
[EventType "swiss"]
[EventRounds "7"]
[EventCountry "DEN"]

1. e4 c5 2. c3 Nc6 3. Bc4 e6 4. Ne2 d5 5. exd5 exd5 6. Bb3 Be7 7. d4 Be6 8. O-O
Nf6 9. Re1 O-O 10. Nf4 Bf5 11. dxc5 d4 12. cxd4 Nxd4 13. Be3 Bxc5 14. Nd2 Nxb3
15. Nxb3 Bxe3 16. Rxe3 Qc7 17. Qf3 Rfe8 18. Rc3 Qe5 19. h3 Be4 20. Qg3 Bc6 21.
Nd3 Qxg3 22. fxg3 Ne4 23. Rc2 Nxg3 24. Nb4 Be4 25. Rd2 a5 26. Kf2 Nf5 27. Nd5
Rac8 28. Nc3 b6 29. g4 Nh4 30. Rd6 f5 31. Rxb6 a4 32. Nd2 a3 33. Rc1 axb2 34.
Rxb2 Bd3 35. Nb3 fxg4 36. hxg4 Rf8+ 37. Kg3 g5 38. Rf2 Rxf2 39. Kxf2 Rf8+ 40.
Ke3 Rf3+ 41. Kd4 Ba6 42. Nc5 Rf4+ 43. N3e4 Nf3+ 44. Ke3 Bc8 45. Nxg5 Rxg4 46.
Nxf3 Kf8 47. a4 Rg2 48. Ne4 Bd7 49. a5 Ra2 50. Rc5 1-0

[Event "Senior DM 2019-65+"]
[Site "Aarhus"]
[Date "2019.02.15"]
[Round "5"]
[White "Mikkelsen, Peter Jorgen Dam"]
[Black "Jorgensen, Arne Bjorn"]
[Result "1-0"]
[WhiteElo "2070"]
[BlackElo "2001"]
[EventDate "2019.02.09"]
[EventType "swiss"]
[EventRounds "7"]
[EventCountry "DEN"]

1. c4 c5 2. Nf3 Nf6 3. d4 cxd4 4. Nxd4 g6 5. g3 Bg7 6. Bg2 O-O 7. O-O Nc6 8.
Nc3 a6 9. b3 Nxd4 10. Qxd4 d6 11. Bb2 Nd7 12. Qd2 Ne5 13. h3 Nc6 14. Rfd1 Be6
15. Rac1 Rc8 16. e3 Re8 17. Kh2 Qa5 18. f4 h5 19. e4 f5 20. a3 Qb6 21. b4 Kh7
22. Na4 Qa7 23. Bxg7 Kxg7 24. c5 Kh7 25. cxd6 exd6 26. exf5 Bxf5 27. Re1 Qd4
28. Qa2 Qf6 29. Nb6 Rcd8 30. Nd5 Qg7 31. Qd2 Kh8 32. Rcd1 Re6 33. a4 Rde8 34.
Rxe6 Rxe6 35. b5 axb5 36. axb5 Nd8 37. b6 Be4 38. Nc7 Re7 39. Qxd6 Nc6 40. Rd2
Bxg2 41. Kxg2 Qc3 42. Qd3 Qf6 43. Nd5 1-0

[Event "Senior DM 2019-65+"]
[Site "Aarhus"]
[Date "2019.02.15"]
[Round "5"]
[White "Mortensen, Steen Juul"]
[Black "Stald, Flemming"]
[Result "0-1"]
[WhiteElo "1913"]
[BlackElo "1954"]
[EventDate "2019.02.09"]
[EventType "swiss"]
[EventRounds "7"]
[EventCountry "DEN"]

1. d4 d5 2. Nf3 Nf6 3. c4 c6 4. Nc3 Bf5 5. cxd5 cxd5 6. Qb3 Bc8 7. Bf4 a6 8. e3
Qa5 9. Be2 Nc6 10. h3 e6 11. O-O Be7 12. Rfc1 O-O 13. a3 Qd8 14. Na4 Nh5 15.
Bh2 Bd6 16. Ne5 Na5 17. Qc3 Nf6 18. b4 b5 19. Nc5 Nc4 20. Bf3 Qc7 21. Be2 Ne8
22. f4 f6 23. Ned3 Nxe3 24. Bf3 Nc4 25. Re1 Qf7 26. Bg4 Nc7 27. Ra2 Re8 28.
Raa1 Re7 29. Re2 f5 30. Bf3 Qf8 31. Bg3 Ne8 32. Bh4 Nf6 33. Ne5 Re8 34. Qe1 Ne4
35. Kh1 Ra7 36. a4 Bxe5 37. fxe5 Bd7 38. a5 Kh8 39. Bh5 g6 40. Bf3 g5 41. Bxe4
gxh4 42. Qxh4 dxe4 0-1

[Event "Senior DM 2019-65+"]
[Site "Aarhus"]
[Date "2019.02.15"]
[Round "5"]
[White "Nielsen, Bent K"]
[Black "Rendlev, Niels Moller"]
[Result "0-1"]
[WhiteElo "1278"]
[BlackElo "1677"]
[EventDate "2019.02.09"]
[EventType "swiss"]
[EventRounds "7"]
[EventCountry "DEN"]

1. e4 e6 2. d4 d5 3. exd5 exd5 4. Nf3 Nf6 5. c3 Be7 6. Bd3 O-O 7. Qc2 c5 8. O-O
c4 9. Bf5 Bxf5 10. Qxf5 Qd7 11. Qc2 Nc6 12. Bg5 Ne4 13. Bxe7 Qxe7 14. Re1 f5
15. Nbd2 Qf6 16. Re2 Rae8 17. Rae1 Nxd2 18. Qxd2 Re4 19. Ng5 Rxe2 20. Rxe2 h6
21. Nh3 f4 22. f3 Qf5 23. Qc2 Qxc2 24. Rxc2 g5 25. Re2 Rf7 26. Kf1 Kg7 27. Nf2
h5 28. h3 b5 29. Re6 Rf6 30. Re8 a5 31. a3 b4 32. Nd1 Kf7 33. Rh8 Kg6 34. Rg8+
Kf5 35. Rg7 Rd6 36. Rg8 b3 37. Rh8 Kg6 38. Rg8+ Kf5 39. Rh8 h4 40. Nf2 Re6 41.
Ng4 Ne7 42. Rb8 Kg6 43. Ra8 Nf5 44. Ne5+ Kg7 45. Ke1 Ne3 46. Rxa5 Nxg2+ 47. Kf2
Ne3 48. Ke2 Re7 49. Ra6 Nc2 50. Rg6+ Kh7 51. Rxg5 Rb7 52. Rf5 Nxd4+ 53. cxd4 c3
54. Nd3 c2 55. Nc1 Re7+ 56. Re5 Rg7 57. Rh5+ Kg8 58. Rxh4 Rg2+ 59. Kf1 Rd2 60.
Nxb3 Rd3 61. Nc1 Rd1+ 62. Kf2 Rxc1 63. Rg4+ Kh7 64. Rh4+ Kg6 65. Rg4+ Kh5 0-1

[Event "Senior DM 2019-65+"]
[Site "Aarhus"]
[Date "2019.02.15"]
[Round "5"]
[White "Petersen, Peter Birk"]
[Black "Andersson, Finn"]
[Result "1-0"]
[WhiteElo "2106"]
[BlackElo "1837"]
[EventDate "2019.02.09"]
[EventType "swiss"]
[EventRounds "7"]
[EventCountry "DEN"]

1. e4 e5 2. Nf3 Nc6 3. Bb5 Nf6 4. d3 Bc5 5. c3 O-O 6. O-O Re8 7. Nbd2 a6 8. Ba4
b5 9. Bb3 Bb6 10. Re1 d6 11. Nf1 Be6 12. Ng3 Qd7 13. Be3 Bxe3 14. fxe3 d5 15.
exd5 Nxd5 16. Ng5 Bg4 17. Qd2 h6 18. e4 hxg5 19. exd5 Ne7 20. Rxe5 Nf5 21.
Rxe8+ Rxe8 22. Ne4 c6 23. dxc6 Qxc6 24. Qxg5 Qb6+ 25. Kh1 Nh6 26. Qf4 Bh5 27.
Re1 Kf8 28. Rf1 Bg6 29. h3 Re7 30. Kh2 Qd8 31. Rf3 Bh5 32. Rg3 Rd7 33. Nc5 Rd6
34. Ne6+ 1-0

[Event "Senior DM 2019-65+"]
[Site "Aarhus"]
[Date "2019.02.15"]
[Round "5"]
[White "Simonsen, Kurt"]
[Black "Kristensen, Lars Ostergaard"]
[Result "0-1"]
[WhiteElo "1657"]
[BlackElo "1624"]
[EventDate "2019.02.09"]
[EventType "swiss"]
[EventRounds "7"]
[EventCountry "DEN"]

1. e4 e5 2. Nf3 Nf6 3. Nc3 Nc6 4. Bc4 Bc5 5. O-O O-O 6. d3 h6 7. a3 d6 8. h3 a5
9. Be3 Ba7 10. Nh4 Kh7 11. Nf3 Nd4 12. Bxd4 exd4 13. Ne2 c5 14. e5 dxe5 15.
Nxe5 Qc7 16. f4 Ne8 17. Bd5 Nf6 18. Bc4 Rb8 19. a4 b6 20. g4 Bb7 21. Ng3 Rbe8
22. Qd2 Nd5 23. Bxd5 Bxd5 24. Rae1 Bb8 25. Ne4 Qd8 26. Nf3 f5 27. Neg5+ hxg5
28. Nxg5+ Kg8 29. Rxe8 Rxe8 30. Qf2 fxg4 31. Qh4 Re3 32. Qh7+ Kf8 33. Qf5+ Ke7
34. Qxg4 Qd6 35. Qh4 Qh6 36. Qg4 Qf6 37. Nh7 Qh6 38. Ng5 Qf6 39. Nh7 Qe6 40.
Qxg7+ Kd6 41. Ng5 Rg3+ 42. Kh2 Rg2+ 43. Kh1 Rxg5+ 0-1

[Event "Senior DM 2019-65+"]
[Site "Aarhus"]
[Date "2019.02.15"]
[Round "5"]
[White "Thomassen, Ulrik"]
[Black "Madsen, Svend Aage"]
[Result "1/2-1/2"]
[WhiteElo "1917"]
[BlackElo "2040"]
[EventDate "2019.02.09"]
[EventType "swiss"]
[EventRounds "7"]
[EventCountry "DEN"]

1. e4 e5 2. Nf3 Nf6 3. d4 Nxe4 4. Bd3 d5 5. Nxe5 Nd7 6. O-O Bd6 7. f3 Nxe5 8.
fxe4 Nxd3 9. Qxd3 dxe4 10. Qxe4+ Be6 11. Bf4 O-O 12. Bxd6 Qxd6 13. Nc3 c6 14.
a3 Rad8 15. Rad1 Rfe8 16. Qh4 Bc4 17. Rf5 Qe7 18. Qf2 f6 19. d5 cxd5 20. Nxd5
Qe6 21. Qc5 Rxd5 22. Rfxd5 Bxd5 23. Qxd5 Qxd5 1/2-1/2

[Event "Senior DM 2019-65+"]
[Site "Aarhus"]
[Date "2019.02.16"]
[Round "6"]
[White "Jensen, Vagn"]
[Black "Petersen, Peter Birk"]
[Result "1/2-1/2"]
[WhiteElo "2141"]
[BlackElo "2106"]
[EventDate "2019.02.09"]
[EventType "swiss"]
[EventRounds "7"]
[EventCountry "DEN"]

1. e4 c5 2. Nf3 e6 3. d4 cxd4 4. Nxd4 Nc6 5. Nc3 Qc7 6. Be3 a6 7. Bd3 Nf6 8.
O-O Ne5 9. h3 Bc5 10. Be2 d6 11. f4 Nc6 12. Kh1 O-O 13. Bg1 e5 1/2-1/2

[Event "Senior DM 2019-65+"]
[Site "Aarhus"]
[Date "2019.02.16"]
[Round "6"]
[White "Jorgensen, Arne Bjorn"]
[Black "Matras, Ove"]
[Result "1/2-1/2"]
[WhiteElo "2001"]
[BlackElo "1826"]
[EventDate "2019.02.09"]
[EventType "swiss"]
[EventRounds "7"]
[EventCountry "DEN"]

1. d4 Nf6 2. Nf3 g6 3. c4 Bg7 4. Nc3 c6 5. e4 d6 6. h3 a6 7. Be2 O-O 8. O-O b5
9. a3 Bb7 10. Qc2 Nbd7 11. Bf4 bxc4 12. Bxc4 d5 13. Ba2 dxe4 14. Nxe4 Nd5 15.
Bg3 Qb6 16. Nc5 Nxc5 17. dxc5 Qd8 18. Rad1 e6 19. Ne5 f5 20. Nf3 f4 21. Bh2 Qf6
22. Rfe1 Rad8 23. Bc4 1/2-1/2

[Event "Senior DM 2019-65+"]
[Site "Aarhus"]
[Date "2019.02.16"]
[Round "6"]
[White "Kolbak, Jens"]
[Black "Mikkelsen, Peter Jorgen Dam"]
[Result "1/2-1/2"]
[WhiteElo "2129"]
[BlackElo "2070"]
[EventDate "2019.02.09"]
[EventType "swiss"]
[EventRounds "7"]
[EventCountry "DEN"]

1. e4 c6 2. Nc3 d5 3. Nf3 dxe4 4. Nxe4 Nf6 5. Qe2 Nxe4 6. Qxe4 Nd7 7. Bc4 e6 8.
d4 Nf6 9. Qe2 Be7 10. O-O O-O 11. Rd1 Qc7 12. Bg5 Nd5 13. Bxe7 Nxe7 14. a4 Bd7
15. Ne5 Rad8 16. c3 Bc8 17. Bd3 f5 18. Bc4 Nd5 19. Nf3 Qf7 20. Re1 Qg6 21. Qd2
h6 22. Bxd5 cxd5 23. Ne5 Qf6 24. f4 g5 25. Re3 g4 1/2-1/2

[Event "Senior DM 2019-65+"]
[Site "Aarhus"]
[Date "2019.02.16"]
[Round "6"]
[White "Larsen, Arne Walther"]
[Black "Nielsen, Kaj"]
[Result "1-0"]
[WhiteElo "1752"]
[BlackElo "1648"]
[EventDate "2019.02.09"]
[EventType "swiss"]
[EventRounds "7"]
[EventCountry "DEN"]

1. Nf3 d5 2. g3 Nf6 3. Bg2 g6 4. d3 Bg7 5. O-O O-O 6. c3 c6 7. Nbd2 Nbd7 8. e4
e5 9. Qc2 Re8 10. Re1 Qc7 11. Nf1 Nc5 12. b4 Ne6 13. a4 a5 14. Bd2 b6 15. Nxe5
dxe4 16. Nxc6 Qxc6 17. Rxe4 Bb7 18. Ne3 Qc7 19. Rc4 Qd7 20. bxa5 bxa5 21. Bxb7
Qxb7 22. Rb1 Qd7 23. Rb5 Rec8 24. Rxc8+ Qxc8 25. d4 Nc7 26. Rb3 Ncd5 27. c4
Nxe3 28. fxe3 Nd5 29. c5 Rb8 30. Rb5 Rxb5 31. axb5 Bh6 32. Qb3 Nb4 33. b6 Nc6
34. d5 Nb4 35. c6 Bf8 36. Qc4 Bd6 37. e4 h5 38. Bc3 Qg4 39. c7 Bc5+ 40. Qxc5
Qd1+ 41. Kg2 Qe2+ 42. Qf2 Qxe4+ 43. Qf3 Qe8 44. b7 Na6 45. c8=Q 1-0

[Event "Senior DM 2019-65+"]
[Site "Aarhus"]
[Date "2019.02.16"]
[Round "6"]
[White "Larsen, Jorgen Rene"]
[Black "Kristensen, Lars Ostergaard"]
[Result "1-0"]
[WhiteElo "1719"]
[BlackElo "1624"]
[EventDate "2019.02.09"]
[EventType "swiss"]
[EventRounds "7"]
[EventCountry "DEN"]

1. g3 Nf6 2. Bg2 g6 3. c3 Bg7 4. d3 d5 5. Qb3 c6 6. Nd2 O-O 7. Ngf3 Nbd7 8. O-O
Re8 9. e4 Nc5 10. Qc2 dxe4 11. dxe4 e5 12. Re1 Qc7 13. b4 Ncd7 14. Nc4 Nb6 15.
Ne3 Bd7 16. Bb2 Rad8 17. c4 Ng4 18. c5 Nc8 19. Nc4 b5 20. Na5 Ne7 21. h3 Nh6
22. Bc1 f5 23. Qb3+ Kh8 24. Ng5 fxe4 25. Bxe4 Nef5 26. Bg2 Nd4 27. Qd3 Bf5 28.
Be4 Rf8 29. g4 Bxe4 30. Qxe4 Nf7 31. Nxf7+ Rxf7 32. Rf1 Rdf8 33. Rb1 Rf3 34.
Kg2 Qe7 35. g5 Qc7 36. Nb3 Nxb3 37. axb3 Qf7 38. Be3 Qd7 39. Rh1 Qf7 40. Rb2
Kg8 41. Rd1 Qe6 42. Rh1 R8f7 43. Rd2 Bf8 44. h4 Be7 45. Rb2 Qd7 46. Ra2 R3f5
47. Rd2 Qe6 48. Rb1 Qc8 49. Rbd1 Rf3 50. Rh1 Qe6 51. h5 gxh5 52. Rxh5 Qg6 53.
Qxg6+ hxg6 54. Rh4 Bf8 55. Re4 R3f5 56. Rd1 Re7 57. Rd6 Rh7 58. Rxg6+ Kf7 59.
Rxc6 Be7 60. g6+ 1-0

[Event "Senior DM 2019-65+"]
[Site "Aarhus"]
[Date "2019.02.16"]
[Round "6"]
[White "Madsen, Svend Aage"]
[Black "Hartung Nielsen, Jens"]
[Result "1/2-1/2"]
[WhiteElo "2040"]
[BlackElo "2192"]
[EventDate "2019.02.09"]
[EventType "swiss"]
[EventRounds "7"]
[EventCountry "DEN"]

1. e4 c5 2. Nf3 g6 3. d4 cxd4 4. Qxd4 Nf6 5. Nc3 Nc6 6. Qa4 d6 7. e5 dxe5 8.
Nxe5 Bd7 9. Nxd7 Nxd7 10. Be3 Bg7 11. Rd1 O-O 12. Bb5 Qc8 13. Bxc6 bxc6 14. O-O
Qc7 15. Qa3 Nb6 16. Qc5 Rac8 17. Rfe1 Rfe8 18. Rd3 Qe5 19. Qxe5 Bxe5 20. Bd4
Bxd4 21. Rxd4 Nd5 22. Na4 1/2-1/2

[Event "Senior DM 2019-65+"]
[Site "Aarhus"]
[Date "2019.02.16"]
[Round "6"]
[White "Markussen, Benno Orvad"]
[Black "Larsen, Finn"]
[Result "1/2-1/2"]
[WhiteElo "1739"]
[BlackElo "1824"]
[EventDate "2019.02.09"]
[EventType "swiss"]
[EventRounds "7"]
[EventCountry "DEN"]

1. Nf3 d5 2. g3 Nf6 3. Bg2 Bg4 4. b3 Nbd7 5. Bb2 e6 6. O-O Be7 7. d3 O-O 8.
Nbd2 c5 9. h3 Bh5 10. d4 Qc7 11. Qe1 Rac8 12. c4 dxc4 13. Nxc4 Rfd8 14. e3 Nb6
15. Nxb6 Qxb6 16. dxc5 Bxc5 17. Qe2 Bg6 18. Rfd1 1/2-1/2

[Event "Senior DM 2019-65+"]
[Site "Aarhus"]
[Date "2019.02.16"]
[Round "6"]
[White "Nielsen, Bent K"]
[Black "Simonsen, Kurt"]
[Result "1/2-1/2"]
[WhiteElo "1278"]
[BlackElo "1657"]
[EventDate "2019.02.09"]
[EventType "swiss"]
[EventRounds "7"]
[EventCountry "DEN"]

1. e4 c5 2. Nf3 Nc6 3. Bb5 a6 4. Bxc6 bxc6 5. d3 g6 6. c3 Rb8 7. Nbd2 Bg7 8.
Qc2 e5 9. a4 Ne7 10. a5 d5 11. c4 d4 12. Nb3 Qd6 13. Ra3 O-O 14. Bg5 f6 15. Bd2
f5 16. exf5 Bxf5 17. Ng5 h6 18. Ne4 Bxe4 19. dxe4 g5 20. O-O Ng6 21. Nc1 Nf4
22. Bxf4 gxf4 23. f3 h5 24. Nd3 Bf6 25. Rb3 Rxb3 26. Qxb3 Rb8 27. Qc2 Be7 28.
Rb1 Kh7 29. Ra1 1/2-1/2

[Event "Senior DM 2019-65+"]
[Site "Aarhus"]
[Date "2019.02.16"]
[Round "6"]
[White "Overmark, Ole"]
[Black "Haugaard, Thomas"]
[Result "1-0"]
[WhiteElo "1740"]
[BlackElo "1691"]
[EventDate "2019.02.09"]
[EventType "swiss"]
[EventRounds "7"]
[EventCountry "DEN"]

1. e4 c5 2. Nf3 d6 3. d4 cxd4 4. c3 dxc3 5. Nxc3 Nc6 6. Bc4 e6 7. O-O Be7 8.
Qe2 Bd7 9. Bf4 a6 10. Rfd1 e5 11. Be3 Nf6 12. h3 O-O 13. Rac1 Rc8 14. a3 Na5
15. Ba2 b5 16. Bg5 Bc6 17. Nxe5 Qe8 18. Nxc6 Nxc6 19. Bxf6 Bxf6 20. Rxd6 Be5
21. Rd3 Nd4 22. Qg4 Ne6 23. Rcd1 Nc5 24. Re3 Bxc3 25. bxc3 Qe7 26. Rd5 Ne6 27.
Re5 Rc5 28. Rxc5 Nxc5 29. c4 Qe5 30. Qd1 Re8 31. cxb5 Nxe4 32. Bd5 Nc3 33. Rxe5
Rxe5 34. Bxf7+ Kxf7 35. Qf3+ 1-0

[Event "Senior DM 2019-65+"]
[Site "Aarhus"]
[Date "2019.02.16"]
[Round "6"]
[White "Rendlev, Niels Moller"]
[Black "Hardlei, Kim"]
[Result "1-0"]
[WhiteElo "1677"]
[BlackElo "1825"]
[EventDate "2019.02.09"]
[EventType "swiss"]
[EventRounds "7"]
[EventCountry "DEN"]

1. f4 Nf6 2. g3 d5 3. Bg2 c5 4. d3 Nc6 5. Nf3 e6 6. O-O Bd6 7. Nc3 d4 8. Ne4
Be7 9. h3 O-O 10. g4 Nd5 11. c4 Nb6 12. a3 Qc7 13. Bd2 Rd8 14. Rb1 a5 15. Qe1
Nd7 16. g5 f5 17. gxf6 Nxf6 18. Nfg5 h6 19. Nxf6+ Bxf6 20. Ne4 Be7 21. Qg3 Rf8
22. Rf3 Bd7 23. Rbf1 Rf5 24. Qg6 Raf8 25. Rg3 Kh8 1-0

[Event "Senior DM 2019-65+"]
[Site "Aarhus"]
[Date "2019.02.16"]
[Round "6"]
[White "Stald, Flemming"]
[Black "Christiansen, Arne"]
[Result "1/2-1/2"]
[WhiteElo "1954"]
[BlackElo "2039"]
[EventDate "2019.02.09"]
[EventType "swiss"]
[EventRounds "7"]
[EventCountry "DEN"]

1. d4 Nf6 2. c4 g6 3. Nc3 Bg7 4. e4 d6 5. Nf3 e5 6. d5 O-O 7. Bd3 Nbd7 8. Bd2
Nh5 9. Qc1 Nc5 10. Bc2 f5 11. b4 fxe4 12. Ng5 Nd3+ 13. Bxd3 exd3 14. Nge4 Nf4
15. O-O Bf5 16. Qd1 Qd7 17. Kh1 b5 18. Qb3 a6 19. f3 Ne2 20. a3 Nd4 21. Qa2 h6
22. Rad1 Kh7 1/2-1/2

[Event "Senior DM 2019-65+"]
[Site "Aarhus"]
[Date "2019.02.16"]
[Round "6"]
[White "Thomassen, Ulrik"]
[Black "Hvenekilde, Jorgen"]
[Result "1/2-1/2"]
[WhiteElo "1917"]
[BlackElo "2032"]
[EventDate "2019.02.09"]
[EventType "swiss"]
[EventRounds "7"]
[EventCountry "DEN"]

1. e4 e5 2. Nf3 d6 3. Bc4 Be7 4. d4 exd4 5. Nxd4 Nf6 6. Nc3 c6 7. Bd3 a5 8. h3
Na6 9. Qf3 O-O 10. O-O Nc5 11. Nf5 Bxf5 12. Qxf5 Nxd3 13. cxd3 Qd7 14. Qf3 b5
15. d4 b4 16. Ne2 d5 17. e5 Ne8 18. Nf4 g6 19. Bd2 Ng7 20. Rac1 Ne6 21. Qg4
Rfd8 22. Nxe6 fxe6 23. Bg5 Rdc8 24. Bxe7 Qxe7 25. Rc5 Qf7 26. Rfc1 Ra6 27. Qg5
Rf8 28. Qe3 Rc8 29. Qd3 Qb7 30. f4 Ra7 31. g4 Qa6 32. Qe3 Rf7 33. Kh2 Qb6 34.
Rf1 Rcf8 35. Kg3 Qa6 36. Rf2 Kg7 37. h4 Kh8 38. Qd2 Kg8 39. Qc2 Rc8 40. f5 gxf5
41. gxf5 exf5 42. Rxf5 Rg7+ 43. Rg5 Rxg5+ 44. hxg5 Qf1 45. Rxc6 Qg1+ 46. Kf3
Rxc6 47. Qxc6 Qxd4 48. Qe8+ Kg7 49. Qe7+ Kg8 50. Qe6+ Kf8 51. Qf6+ Kg8 52. Qe6+
Kf8 53. Qf6+ 1/2-1/2

[Event "Senior DM 2019-65+"]
[Site "Aarhus"]
[Date "2019.02.17"]
[Round "7"]
[White "Christiansen, Arne"]
[Black "Andersson, Finn"]
[Result "1-0"]
[WhiteElo "2039"]
[BlackElo "1837"]
[EventDate "2019.02.09"]
[EventType "swiss"]
[EventRounds "7"]
[EventCountry "DEN"]

1. c4 e6 2. Nc3 Nf6 3. Nf3 d5 4. d4 dxc4 5. e3 a6 6. a4 Bb4 7. Bxc4 c5 8. O-O
cxd4 9. exd4 O-O 10. Qe2 Qa5 11. Ne4 Nbd7 12. Bg5 Be7 13. Bd3 Qd8 14. Rfc1 Nd5
15. Bd2 h6 16. Nc5 N7f6 17. a5 Bd6 18. Ne5 Qe7 19. b4 Rd8 20. Rab1 Nc7 21. Rb3
Nb5 22. Bxb5 axb5 23. Be3 Qe8 24. h3 Rb8 25. Qf3 Qf8 26. Bxh6 Bxe5 27. dxe5 Nd5
28. Qg4 Ne7 29. Bg5 Rd5 30. Bxe7 Qxe7 31. Rg3 g6 32. Qf4 Qf8 33. Ne4 Rd8 34.
Rc7 Re8 35. Nf6+ 1-0

[Event "Senior DM 2019-65+"]
[Site "Aarhus"]
[Date "2019.02.17"]
[Round "7"]
[White "Haugaard, Thomas"]
[Black "Larsen, Jorgen Rene"]
[Result "0-1"]
[WhiteElo "1691"]
[BlackElo "1719"]
[EventDate "2019.02.09"]
[EventType "swiss"]
[EventRounds "7"]
[EventCountry "DEN"]

1. d4 g6 2. c4 Bg7 3. Nc3 e6 4. e4 Ne7 5. Nf3 d6 6. Bf4 O-O 7. Qd2 b6 8. Be2
Nd7 9. g4 e5 10. Bh6 f6 11. O-O-O g5 12. Bxg7 Kxg7 13. h4 Ng6 14. hxg5 Nf4 15.
gxf6+ Rxf6 16. dxe5 dxe5 17. Nxe5 Nxe2+ 18. Nxe2 Rd6 19. Qf4 Qe7 20. Rxd6 cxd6
21. Nxd7 Bxd7 22. Nd4 Rf8 23. Nf5+ Bxf5 24. gxf5 Rf6 25. Qg5+ Kh8 26. Rh6 Rf7
27. Qf4 Rf6 28. Rxf6 Qxf6 29. Qg3 h5 30. Qh2 h4 31. f3 Qg5+ 32. Kd1 Kg7 33. Ke2
Qf6 34. Ke3 Kf7 35. f4 Ke7 36. e5 dxe5 37. fxe5 Qg5+ 38. Qf4 Qg1+ 39. Qf2 Qc1+
40. Kd4 Qd1+ 41. Ke4 Qg4+ 42. Qf4 Qg2+ 43. Ke3 Qg1+ 44. Qf2 Qc1+ 45. Kd4 Qd1+
46. Ke4 Qg4+ 47. Qf4 Qe2+ 48. Kd5 Qd1+ 49. Ke4 Qe2+ 50. Kd5 Qd3+ 51. Qd4 Qxd4+
52. Kxd4 h3 53. Kd5 h2 54. f6+ Kf7 55. Kd6 h1=Q 0-1

[Event "Senior DM 2019-65+"]
[Site "Aarhus"]
[Date "2019.02.17"]
[Round "7"]
[White "Hvenekilde, Jorgen"]
[Black "Kolbak, Jens"]
[Result "1/2-1/2"]
[WhiteElo "2032"]
[BlackElo "2129"]
[EventDate "2019.02.09"]
[EventType "swiss"]
[EventRounds "7"]
[EventCountry "DEN"]

1. d4 Nf6 2. c4 g6 3. Nc3 Bg7 4. e4 d6 5. Be2 O-O 6. Be3 e5 7. d5 Nbd7 8. g4
Nc5 9. f3 a5 10. h4 Ne8 11. h5 f5 12. hxg6 hxg6 13. gxf5 gxf5 14. Kd2 Nf6 15.
Qf1 f4 16. Bf2 Kf7 17. Bh4 Rh8 18. Nh3 Nfxe4+ 19. fxe4 Qxh4 20. Nf2 Qg3 21.
Rxh8 Bxh8 22. Qh1 Bf6 23. Rg1 Qh4 24. Qg2 Bd7 25. Bg4 1/2-1/2

[Event "Senior DM 2019-65+"]
[Site "Aarhus"]
[Date "2019.02.17"]
[Round "7"]
[White "Jorgensen, Arne Bjorn"]
[Black "Rendlev, Niels Moller"]
[Result "1-0"]
[WhiteElo "2001"]
[BlackElo "1677"]
[EventDate "2019.02.09"]
[EventType "swiss"]
[EventRounds "7"]
[EventCountry "DEN"]

1. d4 Nf6 2. Nf3 d6 3. c4 g6 4. Nc3 Bg7 5. e4 O-O 6. Be2 c5 7. d5 a6 8. a4 Bg4
9. O-O Nbd7 10. h3 Bxf3 11. Bxf3 Qc7 12. Bf4 Ne5 13. Be2 Nfd7 14. Qd2 Nb6 15.
b3 Rfe8 16. Rad1 Rad8 17. Bg3 f6 18. f4 Nf7 19. Bg4 Nd7 20. Be6 Nf8 21. h4 Nxe6
22. dxe6 Nh6 23. Nd5 Qc6 24. f5 Ng4 25. Qe2 gxf5 26. exf5 Nh6 27. Qh5 Kh8 28.
Bf4 Ng8 29. Rf3 b5 30. axb5 axb5 31. Rg3 bxc4 32. Qf7 1-0

[Event "Senior DM 2019-65+"]
[Site "Aarhus"]
[Date "2019.02.17"]
[Round "7"]
[White "Kristensen, Lars Ostergaard"]
[Black "Nielsen, Bent K"]
[Result "1-0"]
[WhiteElo "1624"]
[BlackElo "1278"]
[EventDate "2019.02.09"]
[EventType "swiss"]
[EventRounds "7"]
[EventCountry "DEN"]

1. d4 d5 2. c4 e5 3. dxe5 d4 4. a3 Bf5 5. Nf3 c5 6. g3 Nc6 7. Bg2 Qc7 8. O-O
Be4 9. Bf4 O-O-O 10. Bh3+ Kb8 11. Ng5 Bg6 12. e6 Bd6 13. exf7 Bxf7 14. Bxd6
Rxd6 15. Nxf7 Qxf7 16. Qc2 Qh5 17. Qf5 Qxf5 18. Bxf5 Nf6 19. Nd2 g6 20. Bc2 Ne5
21. b4 b6 22. bxc5 bxc5 23. Nb3 Nxc4 24. Nxc5 Rc6 25. Rab1+ Ka8 26. Ne4 Rb8 27.
Nxf6 Rxb1 28. Rxb1 Nd2 29. Be4 Nxe4 30. Nxe4 1-0

[Event "Senior DM 2019-65+"]
[Site "Aarhus"]
[Date "2019.02.17"]
[Round "7"]
[White "Larsen, Finn"]
[Black "Stald, Flemming"]
[Result "1/2-1/2"]
[WhiteElo "1824"]
[BlackElo "1954"]
[EventDate "2019.02.09"]
[EventType "swiss"]
[EventRounds "7"]
[EventCountry "DEN"]

1. c4 e5 2. Nc3 Nc6 3. g3 Nf6 4. Bg2 Bc5 5. d3 h6 6. e3 O-O 7. Nge2 Re8 8. O-O
d6 9. d4 Bb4 10. Nd5 Nxd5 11. Bxd5 Ba5 12. a3 Ne7 13. Bg2 c6 14. b4 Bc7 15.
dxe5 dxe5 16. Qc2 Ng6 17. Bb2 Qe7 18. Rad1 1/2-1/2

[Event "Senior DM 2019-65+"]
[Site "Aarhus"]
[Date "2019.02.17"]
[Round "7"]
[White "Madsen, Svend Aage"]
[Black "Jensen, Vagn"]
[Result "0-1"]
[WhiteElo "2040"]
[BlackElo "2141"]
[EventDate "2019.02.09"]
[EventType "swiss"]
[EventRounds "7"]
[EventCountry "DEN"]

1. Nf3 d6 2. b3 e5 3. d4 e4 4. Nfd2 d5 5. e3 Nf6 6. Be2 Bd6 7. c4 c6 8. Ba3
Bxa3 9. Nxa3 Qe7 10. Nab1 O-O 11. Nc3 Re8 12. a3 Be6 13. cxd5 cxd5 14. O-O Nc6
15. b4 Qd8 16. Qb3 Ne7 17. Rfc1 Nf5 18. Na4 b6 19. Rc3 h5 20. Rac1 g6 21. Bb5
Re7 22. Nb2 Kg7 23. Qc2 Nd6 24. Be2 Re8 25. Nb3 Ng4 26. h3 Nh6 27. Nd2 Nhf5 28.
Kh2 Qh4 29. Nd1 Qf6 30. g3 Rac8 31. Qb2 Rxc3 32. Rxc3 g5 33. Bf1 g4 34. h4 Nxh4
35. gxh4 Qxh4+ 36. Kg1 g3 37. fxg3 Qxg3+ 38. Bg2 Qe1+ 39. Nf1 Qxd1 40. Rc6 Nf5
41. Qf2 Qg4 42. Rc7 Rc8 43. Rxa7 Rc1 44. Kh2 Nh4 45. Qg3 Rc2 0-1